00454nam a22001457a 4500041001200000082001200012100003700024245003500061260005300096300000800149650001400157942000700171952011300178999001700291 aEnglish a242 SAT aSt. Andrew's Theological College aPrayers for Everyday Devotions aTrinidadbSt. Andrew's Theological Collegec2012 a116 aDevotions cBK 00104070aHMIbHMIcGENd2018-05-11eStudent of Trinidadl0o242 SATp11003670r2026-01-16w2026-01-16yBK c21012d21012